000 00489nam a22001817a 4500
003 CEME
005 20210628202750.0
008 210118b xxu||||| |||| 00| 0 eng d
020 _a81-317-0068-2
040 _c.
082 _a511.2 DAS
100 _aDasgupta , Bhaskar
_961504
245 _aApplied mathematical methods
260 _aNEW DELHI
_bPEARSON EDUCATION ASIA
_c2006
300 _aXVI,506 P
650 _aAPPLIED MATHEMATICAL .MATHEMATICAL METHODS
_961505
942 _cBK
_2ddc
999 _c570937
_d570937